A stone for my keepsake / (Record no. 3079)
[ view plain ]
| 000 -LEADER | |
|---|---|
| fixed length control field | 01011nam a22002057a 4500 |
| 001 - CONTROL NUMBER | |
| control field | 3079 |
| 003 - CONTROL NUMBER IDENTIFIER | |
| control field | FISKH |
| 005 - DATE AND TIME OF LATEST TRANSACTION | |
| control field | 20240202153759.0 |
| 008 - FIXED-LENGTH DATA ELEMENTS--GENERAL INFORMATION | |
| fixed length control field | 240202b cb ||||| |||| 00| 0 eng d |
| 020 ## - INTERNATIONAL STANDARD BOOK NUMBER | |
| International Standard Book Number | 0370012089 |
| 040 ## - CATALOGING SOURCE | |
| Original cataloging agency | FISKH |
| Language of cataloging | eng |
| Transcribing agency | FISKH |
| Modifying agency | FISKH |
| 082 ## - DEWEY DECIMAL CLASSIFICATION NUMBER | |
| Classification number | 553.8 |
| 100 ## - MAIN ENTRY--PERSONAL NAME | |
| Personal name | Graveston, Mary |
| 245 ## - TITLE STATEMENT | |
| Title | A stone for my keepsake / |
| Statement of responsibility, etc. | Mary Graveston |
| 260 ## - PUBLICATION, DISTRIBUTION, ETC. | |
| Place of publication, distribution, etc. | London : |
| Name of publisher, distributor, etc. | Bodley Head, |
| Date of publication, distribution, etc. | 1971. |
| 300 ## - PHYSICAL DESCRIPTION | |
| Extent | 156 pages : |
| Dimensions | 22 cm |
| 520 ## - SUMMARY, ETC. | |
| Summary, etc. | On the wall of an old building in Maidenhead hands a faded document dated November 18, 1803 - an appeal for volunteers to defend England against Napoleon's expected invasion. Among the signatures at the foot of the proclamation the name of Poulton can still be deciphered, and it was the journal kept by the Poulton family from 1776 go 1865 that inspired a descendant, Mary Graveston, to write this romantic, partly, imaginary, story of Eulalia and her ill-fated love for Stephen. |
| 650 ## - SUBJECT ADDED ENTRY--TOPICAL TERM | |
| Topical term or geographic name entry element | Historical |
| Form subdivision | Juvenile Literature |
| 942 ## - ADDED ENTRY ELEMENTS (KOHA) | |
| Source of classification or shelving scheme | Dewey Decimal Classification |
| Koha item type | Books |
| Suppress in OPAC | No |
| Withdrawn status | Lost status | Source of classification or shelving scheme | Damaged status | Not for loan | Collection | Home library | Current library | Shelving location | Date acquired | Total Checkouts | Full call number | Barcode | Date last seen | Price effective from | Koha item type |
|---|---|---|---|---|---|---|---|---|---|---|---|---|---|---|---|
| Dewey Decimal Classification | Fiction | Footprints International School Library Network Toul Kork Campus | Footprints International School Library Network Toul Kork Campus | 02/02/2024 | GRA Fic 553.8 | FIS00806 | 02/02/2024 | 02/02/2024 | Books |
